Statistics for Wives, lovers and children of Zeus

Click here to take the quiz!

General Stats

  • This quiz has been taken 459 times
  • The average score is 3 of 20

Answer Stats

HintAnswer% Correct
HebeHera
80%
PersephoneDemeter
63%
HeleneLeda
27%
AtheneMetis
22%
HermesMaia
20%
PerseusDanae
16%
DikeThemis
8%
Alexandros (The Great)Olympia
7%
ErsaSelene
6%
Herakles (the younger)Alkmene
3%
DioneAphrodite
2%
ArgosNiobe
2%
The GracesEurynome
2%
DardonosElektra
1%
LatinosPandora
1%
MakedonThyia
0%
PanHybris
0%
KolaxesHora
0%
KytosHimalia
0%
AiakosAigina
0%

Score Distribution

Percentile by Number Answered

Percent of People with Each Score

Your Score History

You have not taken this quiz